000
00283nam a22001337a 4500
008
170413b xxu||||| |||| 00| 0 eng d
020
_a
9786082295121
041
_a
ALB
080
_a
V
100
_a
10
101
_a
SHM
245
_a
PRODHIMI I VERES
_c
VAJN, R.P
942
_2
udc
_c
BK
999
_c
10682
_d
10682